ARRUPE JESUIT UNIVERSITY

CORONAVIRUS -STOP THE SPREAD - CLEAN,DISINFECT,COVER
Normal view MARC view

Entry Personal Name

Number of records used in: 1

001 - CONTROL NUMBER

  • control field: 44249

003 - CONTROL NUMBER IDENTIFIER

  • control field: ARRUPE

005 - DATE AND TIME OF LATEST TRANSACTION

  • control field: 20190129153438.0

008 - FIXED-LENGTH DATA ELEMENTS

  • fixed length control field: 190129|| aca||aabn | a|a d

040 ## - CATALOGING SOURCE

  • Original cataloging agency: ARRUPE
  • Transcribing agency: ARRUPE

100 ## - HEADING--PERSONAL NAME

  • Personal name: Gerasimov, M. M.
  • Fuller form of name: (Mikhail Mikhaĭlovich),
  • Dates associated with a name: 1907-1970.

670 ## - SOURCE DATA FOUND

  • Source citation: Work cat.: (ARRUPE)0: Gerasimov, M. M. (Mikhail Mikhaĭlovich), 1907-1970., The face finder, 1971.

 

Arrupe Library. PO Box MP320 Mt Pleasant, Harare, Zimbabwe
263 242 745411|librarian@aju.ac.zw